01407nam a2200253 a 450000100100000000500170001000800410002702000150006804000250008324502010010826000970030930000170040649000750042350500770049850000210057550001040059670000370070070000420073771000610077983000800084095201080092095201080102899900170113600004126420201002034734.0130927s1989 sp 001 0 spa d a8400070917 aDO-SdBNPbspacBNPHU00aFrancisco de Toledo :bdisposiciones gubernativas para el Virreinato del Perú 1575-1580 /cintroducción, Guillermo Lohmann Villena ; transcripción, Mª Justina Sarabia Viejo Cortes de Cadiz. aMadrid :bEscuela de Estudios Hispano-Americanos : Monte de Piedad y Caja de Ahorros,c1989. av. ;c24 cm.1 aPublicaciones de la Escuela de Estudios Hispanoamericanos de Sevilla ;2 av. 1tDisposiciones gubernativas para el Virreinato del Perú 1574-1574 aIncluye índice aPrecede al título .: Publicación conmemorativa del V Centenario del Descubrimiento de América1 aLohmann Villena, Guillermo931441 aSarabia Viejo, María Justina9678732 aEscuela de Estudios Hispano-Americanos (España)967874 0aPublicaciones de la Escuela de Estudios Hispanoamericanos de Sevilla967875 001050718MOaGRbGRcCTd2013-09-27iLF1l0ov. 1p41264-10r2020-06-25w2020-06-25y1ZNo se presta 001050718MOaGRbGRcCTd2014-01-29iLF1l0ov. 2p41264-20r2020-06-25w2020-06-25y1ZNo se presta c40754d40754